Transnational corporations in a developing country : (Record no. 3395)
[ view plain ]
| 000 -LEADER | |
|---|---|
| fixed length control field | 01567cam a2200337 a 4500 |
| 001 - CONTROL NUMBER | |
| control field | 3395 |
| 003 - CONTROL NUMBER IDENTIFIER | |
| rucl marc code | BD-RjUL |
| 005 - DATE AND TIME OF LATEST TRANSACTION | |
| control field | 20211208233726.0 |
| 008 - FIXED-LENGTH DATA ELEMENTS--GENERAL INFORMATION | |
| fixed length control field | 131219s1988 ii 00| 0 eng d |
| 020 ## - INTERNATIONAL STANDARD BOOK NUMBER | |
| International Standard Book Number | 8170361214(india) |
| International Standard Book Number | 0803995849 (U.S.) |
| 035 ## - SYSTEM CONTROL NUMBER | |
| System control number | (OCoLC)19624746 |
| -- | (BD-RjUL )3429 |
| 040 ## - CATALOGING SOURCE | |
| Original cataloging agency | LC |
| Language of cataloging | eng |
| Transcribing agency | LC |
| Modifying agency | NSL:R |
| 041 ## - LANGUAGE CODE | |
| Language code of text/sound track or separate title | eng |
| 082 00 - DEWEY DECIMAL CLASSIFICATION NUMBER | |
| Classification number | 338.88854 |
| Author mark and year | MAT 1988 |
| 084 ## - OTHER CLASSIFICATION NUMBER | |
| Classification number | 83.83 |
| Number source | bcl |
| Classification number | 83.81 |
| Number source | bcl |
| 100 1# - MAIN ENTRY--PERSONAL NAME | |
| Personal name | Martinussen, John. |
| 9 (RLIN) | 10662 |
| 245 10 - TITLE STATEMENT | |
| Title | Transnational corporations in a developing country : |
| Remainder of title | the Indian experience / |
| Statement of responsibility, etc. | John Martinussen. |
| 260 ## - PUBLICATION, DISTRIBUTION, ETC. (IMPRINT) | |
| Place of publication, distribution, etc. | New Delhi ; |
| -- | Newbury Park : |
| Name of publisher, distributor, etc. | Sage Publications, |
| Date of publication, distribution, etc. | 1988. |
| 300 ## - PHYSICAL DESCRIPTION | |
| Pagination | 228 p. : |
| Size | 23 cm. |
| 504 ## - BIBLIOGRAPHY, ETC. NOTE | |
| Bibliography, etc | Bibliography: p. [222]-228. |
| 505 00 - FORMATTED CONTENTS NOTE | |
| Formatted contents note | Machine derived contents note: The Host Country's Dilemma -- Indian Policies Affecting Transnational Corporations -- Administration and Implementation of Indian Policies -- Effects of the Regulations on the Balance of Payments -- Effects of the Regulations on Transfer of Resources -- Effects of the Regulations on Allocation of Resources -- Summary and Discussion of Findings. |
| 650 #0 - SUBJECT ADDED ENTRY--TOPICAL TERM | |
| Topical term or geographic name as entry element | International business enterprises |
| General subdivision | Government policy |
| Geographic subdivision | India. |
| 9 (RLIN) | 10663 |
| 653 ## - INDEX TERM--UNCONTROLLED | |
| Uncontrolled term | Developing countries |
| -- | Multinational companies |
| 856 42 - ELECTRONIC LOCATION AND ACCESS | |
| Materials specified | Publisher description |
| Uniform Resource Identifier | <a href="http://www.loc.gov/catdir/enhancements/fy0657/88905259-d.html">http://www.loc.gov/catdir/enhancements/fy0657/88905259-d.html</a> |
| Materials specified | Table of contents only |
| Uniform Resource Identifier | <a href="http://www.loc.gov/catdir/enhancements/fy0657/88905259-t.html">http://www.loc.gov/catdir/enhancements/fy0657/88905259-t.html</a> |
| 942 ## - ADDED ENTRY ELEMENTS (KOHA) | |
| Source of classification or shelving scheme | Dewey Decimal Classification |
| Koha item type | Books |
| Lost status | Source of classification or shelving scheme | Damaged status | Not for loan | Collection code | Permanent Location | Current Location | Shelving location | Date acquired | Source of acquisition | Cost, normal purchase price | Total Checkouts | Full call number | Date last seen | Copy number | Koha item type |
|---|---|---|---|---|---|---|---|---|---|---|---|---|---|---|---|
| Dewey Decimal Classification | Non-fiction | Central Library, University of Rajshahi | Central Library, University of Rajshahi | 08/02/1990 | Abacus books London | 22.50 | 338.88854 MAT 1988 | 19/12/2013 | C-3 | Books | |||||
| Dewey Decimal Classification | Not For Loan | Non-fiction | Central Library, University of Rajshahi | Central Library, University of Rajshahi | 08/12/1988 | Sog pub. N. Delhi | 150.00 | 338.88854 MAT 1988 | 19/12/2016 | C-1 | Books | ||||
| Dewey Decimal Classification | Non-fiction | Central Library, University of Rajshahi | Central Library, University of Rajshahi | 08/02/1990 | Abacus | 22.50 | 338.88854 MAT 1988 | 21/12/2016 | C-2 | Books |